LEADER 01527nam a22003493i 4500 001 991000697109707536 005 20040127100903.0 008 040220s1988 it |||||||||||||||||ita 020 $a8885857140 035 $ab12656872-39ule_inst 035 $aARCHE-065521$9ExL 040 $aDip.to Scienze pedagogiche$bita$cA.t.i. Arché s.c.r.l. Pandora Sicilia s.r.l. 082 04$a371.92 100 1 $aWehman, Paul$0482689 245 10$aManuale per l'integrazione sociale dell'handicappato :$bmobilità nella comunità, gestione del tempo libero, abilità domestiche, abilità prelavorative, abilità scolastiche /$cP. Wehman, A. Renzaglia, P. Bates ; introduzione e cura di Dario Ianes 260 $aTrento :$bCentro studi M. H. Erickson,$c[1988] 300 $aXXIV, 305 p. ;$c24 cm 500 $aTrad. di Anna Giambagli, Alessandra Giordani, Paola Massoldi 650 4$aFanciulli minorati$xEducazione 700 1 $aRenzaglia, Adelle 700 1 $aBates, Paul 700 1 $aIanes, Dario 700 1 $aGiambagli, Anna 700 1 $aGiordani, Alessandra 700 1 $aMassoldi, Paola 765 0 $tFunctional living skills for moderatly and severly handicapped individuals 907 $a.b12656872$b02-04-14$c17-03-04 912 $a991000697109707536 945 $aLE022 MP 69 G 19$g1$i2022000053662$lle022$o-$pE0.00$q-$rl$s- $t0$u5$v0$w5$x0$y.i13163449$z17-03-04 996 $aManuale per l'integrazione sociale dell'handicappato$9275337 997 $aUNISALENTO 998 $ale022$b17-03-04$cm$da $e-$fita$git $h0$i1